Introduction to parasitology : (Record no. 12563)
[ view plain ]
| 000 -LEADER | |
|---|---|
| fixed length control field | 01097cam a22003132 4500 |
| 001 - CONTROL NUMBER | |
| control field | 12563 |
| 003 - CONTROL NUMBER IDENTIFIER | |
| rucl marc code | BD-RjUL |
| 005 - DATE AND TIME OF LATEST TRANSACTION | |
| control field | 20211208235321.0 |
| 008 - FIXED-LENGTH DATA ELEMENTS--GENERAL INFORMATION | |
| fixed length control field | 140129r19541979nyua b 001 0 eng d |
| 035 ## - SYSTEM CONTROL NUMBER | |
| System control number | (BD-RjUL)12612 |
| -- | OCLC ocm01608634 from D970801M |
| 040 ## - CATALOGING SOURCE | |
| Original cataloging agency | DLC |
| Transcribing agency | FQG |
| Modifying agency | MBU |
| -- | OCL |
| -- | EQO |
| -- | BD-RjUL |
| Language of cataloging | eng |
| 041 ## - LANGUAGE CODE | |
| Language code of text/sound track or separate title | eng |
| 082 00 - DEWEY DECIMAL CLASSIFICATION NUMBER | |
| Classification number | 616.96 |
| Author mark and year | CHI 1954 |
| Edition number | 23 |
| 100 1# - MAIN ENTRY--PERSONAL NAME | |
| Personal name | Chandler, Asa C., |
| Fuller form of name | (Asa Crawford), |
| Dates associated with a name | 1891-1958 |
| 9 (RLIN) | 39131 |
| 245 10 - TITLE STATEMENT | |
| Title | Introduction to parasitology : |
| Remainder of title | with special references to the parasites of man. / |
| Statement of responsibility, etc. | by Asa C. Chandler. |
| 250 ## - EDITION STATEMENT | |
| Edition statement | 8th ed. |
| 260 ## - PUBLICATION, DISTRIBUTION, ETC. (IMPRINT) | |
| Place of publication, distribution, etc. | New York : |
| Name of publisher, distributor, etc. | J. Wiley, |
| Date of publication, distribution, etc. | c1949 [reprinted 1954]. |
| 300 ## - PHYSICAL DESCRIPTION | |
| Pagination | xii, 756 p. : |
| Illustrations | illus. |
| Size | 24 cm. |
| 500 ## - GENERAL NOTE | |
| General note | First pub., 1918, under title: Animal parasites and human disease. |
| 504 ## - BIBLIOGRAPHY, ETC. NOTE | |
| Bibliography, etc | Includes bibliographies and index. |
| 650 #0 - SUBJECT ADDED ENTRY--TOPICAL TERM | |
| Topical term or geographic name as entry element | Medical parasitology. |
| 9 (RLIN) | 39132 |
| Topical term or geographic name as entry element | Insects as carriers of disease. |
| 9 (RLIN) | 39133 |
| Topical term or geographic name as entry element | Parasitology |
| 9 (RLIN) | 39134 |
| Topical term or geographic name as entry element | Parasites |
| 9 (RLIN) | 39135 |
| Topical term or geographic name as entry element | Parasitic Diseases |
| 9 (RLIN) | 39136 |
| 942 ## - ADDED ENTRY ELEMENTS (KOHA) | |
| Source of classification or shelving scheme | Dewey Decimal Classification |
| Koha item type | Books |
| Lost status | Source of classification or shelving scheme | Damaged status | Not for loan | Collection code | Permanent Location | Current Location | Shelving location | Date acquired | Source of acquisition | Total Checkouts | Full call number | Date last seen | Copy number | Koha item type |
|---|---|---|---|---|---|---|---|---|---|---|---|---|---|---|
| Dewey Decimal Classification | Not For Loan | Non-fiction | Central Library, University of Rajshahi | Central Library, University of Rajshahi | Reading Room | 23/04/1959 | Asia foundation Gift | 616.96 CHI 1954 | 29/01/2014 | C-1 | Books |